Makers of modern Tamil, (Record no. 79469)

MARC details
000 -LEADER
fixed length control field 00769cam a22002411 4500
001 - CONTROL NUMBER
control field sa 68003415
003 - CONTROL NUMBER IDENTIFIER
control field DLC
005 - DATE AND TIME OF LATEST TRANSACTION
control field 20260227112452.0
008 - FIXED-LENGTH DATA ELEMENTS--GENERAL INFORMATION
fixed length control field 710903s1965 ii 000 0 eng
010 ## - LIBRARY OF CONGRESS CONTROL NUMBER
LC control number sa 68003415
025 ## - OVERSEAS ACQUISITION NUMBER
Overseas acquisition number PL480:I-E-9326
040 ## - CATALOGING SOURCE
Original cataloging agency DLC
Transcribing agency DLC
Modifying agency DLC
050 00 - LIBRARY OF CONGRESS CALL NUMBER
Classification number PL4758.A56
Item number V47
100 1# - MAIN ENTRY--PERSONAL NAME
Personal name Raghavan, Thevur Subramanya,
Dates associated with a name 1897-
245 10 - TITLE STATEMENT
Title Makers of modern Tamil,
Statement of responsibility, etc. by T. S. Raghavan.
250 ## - EDITION STATEMENT
Edition statement [1st ed.]
260 ## - PUBLICATION, DISTRIBUTION, ETC.
Place of publication, distribution, etc. Tirunelveli,
Name of publisher, distributor, etc. South India Saiva Siddhanta Works Pub. Society, Tinnevelly,
Date of publication, distribution, etc. 1965.
300 ## - PHYSICAL DESCRIPTION
Extent 131 p.
Dimensions 19 cm.
350 ## - PRICE (NR) (BK AM CF MU VM SE) [OBSOLETE]
Price Rs3.50
600 00 - SUBJECT ADDED ENTRY--PERSONAL NAME
Personal name Mar̲aimalaiyaṭikaḷ,
Dates associated with a name 1876-1950.
600 10 - SUBJECT ADDED ENTRY--PERSONAL NAME
Personal name Cuppiramaṇiya Piḷḷai, Kā.,
Dates associated with a name 1888-1945.
600 10 - SUBJECT ADDED ENTRY--PERSONAL NAME
Personal name Kaliyāṇacuntaran̲ār, Tiru. Vi.,
Dates associated with a name 1883-1953.

No items available.

Powered by Koha